Normal view
MARC view
- خشيم، علي فهمي
Entry Personal Name
001 - CONTROL NUMBER
- control field: 17284
003 - CONTROL NUMBER IDENTIFIER
- control field: JO-AjAnu
005 - DATE AND TIME OF LATEST TRANSACTION
- control field: 20230606073045.0
008 - FIXED-LENGTH DATA ELEMENTS
- fixed length control field: 230606|| aca||aabn | a|a d
040 ## - CATALOGING SOURCE
- Original cataloging agency: JO-AjAnu
- Transcribing agency: JO-AjAnu
100 ## - HEADING--PERSONAL NAME
- Personal name: خشيم، علي فهمي
670 ## - SOURCE DATA FOUND
- Source citation: Work cat.: (JO-AjAnu)8874: خشيم، علي فهمي, author, أحمد زروق والزروقية دراسة حياة وفكر ومذهب وطريقة